BGMEA University of Fashion and Technology
University Library

A guide to total quality management / (Record no. 614)

MARC details
000 -LEADER
fixed length control field 00550nam a2200193u 4500
001 - CONTROL NUMBER
control field 614
003 - CONTROL NUMBER IDENTIFIER
control field BD-DhBUF
005 - DATE AND TIME OF LATEST TRANSACTION
control field 20250730110748.0
008 - FIXED-LENGTH DATA ELEMENTS--GENERAL INFORMATION
fixed length control field 961810s1991 u
040 ## - CATALOGING SOURCE
Original cataloging agency StAbUL
Transcribing agency StAbUL
Modifying agency BD-DhBUF
082 04 - DEWEY DECIMAL CLASSIFICATION NUMBER
Classification number 658.4013
Edition number 22
099 ## - LOCAL FREE-TEXT CALL NUMBER (OCLC)
Classification number 658.4013 Sco
110 2# - MAIN ENTRY--CORPORATE NAME
Corporate name or jurisdiction name as entry element Scottish Enterprise.
9 (RLIN) 866
245 12 - TITLE STATEMENT
Title A guide to total quality management /
Statement of responsibility, etc. Crawford Beveridge
260 ## - PUBLICATION, DISTRIBUTION, ETC.
Place of publication, distribution, etc. G.B.,
Name of publisher, distributor, etc. Scottish Enterprise,
Date of publication, distribution, etc. 1991.
300 ## - PHYSICAL DESCRIPTION
Extent 341p.,diagrs.
650 #4 - SUBJECT ADDED ENTRY--TOPICAL TERM
Topical term or geographic name entry element Team management: executive management.
9 (RLIN) 867
942 ## - ADDED ENTRY ELEMENTS (KOHA)
Source of classification or shelving scheme Dewey Decimal Classification
Koha item type Books
Holdings
Withdrawn status Lost status Source of classification or shelving scheme Damaged status Not for loan Collection code Home library Current library Shelving location Date acquired Total Checkouts Full call number Barcode Date last seen Copy number Price effective from Koha item type
    Dewey Decimal Classification     Non-fiction BUFT Library BUFT Library General Stacks 06/26/2001   658.4013 B5713g 1991 2001-0300 02/10/2019 C-1 02/10/2019 Books
    Dewey Decimal Classification     Non-fiction BUFT Library BUFT Library General Stacks 07/17/2001   658.4013 B5713g 1991 2001-0616 02/18/2026 C-1 02/10/2019 Books
Copyright © 2019-2023 | BUFT Library
BGMEA University of Fashion and Technology
Library Home | University Home
| Maintained by Library Team